Drunk in Love - Beyoncé ft. Jay-Z (All Lyrics) - Statistics

General Stats
  • This quiz has been taken 205 times
  • The average score is 266 of 404
Answer Stats
Lyrics % Correct
I
99%
in
98%
be
95%
love.
95%
love,
95%
Drunk
94%
We
89%
we
89%
all
87%
been
86%
night.
86%
night,
86%
on
84%
the
84%
you,
84%
You
84%
you.
84%
you
84%
Baby,
82%
baby.
82%
drinking,
82%
drinking.
82%
I've
82%
when
82%
Then
80%
my
78%
up
77%
up.
77%
that
76%
that,
76%
that.
76%
want
75%
me.
74%
me
74%
thinking,
74%
thinking.
74%
he
72%
kitchen,
72%
na-
72%
na.
72%
this
72%
this.
72%
an
71%
Oh,
70%
"How
68%
shit
68%
woke
68%
can't
66%
Can't
66%
happen?"
66%
off
66%
did
65%
hell
65%
lights,
65%
lights.
65%
body.
64%
body
64%
get
64%
keep
64%
it?
63%
it
63%
it,
63%
Flashing
61%
flashing
61%
I'm
61%
Why
61%
your
61%
Daddy,
59%
daddy.
59%
fingers
59%
ice,
59%
ice.
59%
saying:
59%
is
56%
thing
56%
eyes
55%
like
55%
No
55%
surfboard,
55%
surfboard.
55%
these
55%
animal
54%
remember
54%
Cigars
53%
cigars
53%
with
53%
grinding
52%
Last
52%
So
52%
beautiful
51%
to
51%
fatty.
50%
and
49%
Boy,
49%
Feeling
49%
filthy
49%
got
49%
liquor
49%
our
49%
bodies
48%
into
48%
cameras
47%
club.
45%
grill.
45%
everything
41%
wood,
40%
wood.
40%
faded,
39%
faded.
39%
good,
39%
good.
39%
right.
39%
right
39%
under
36%
alright.
34%
watermelon.
34%
If
31%
Big
29%
swerving
27%
complaints
26%
out,
26%
ride
26%
rub-
26%
now.
25%
surfing
25%
fluorescent
23%
rubbing
23%
rubbing.
23%
scared,
21%
from
20%
halfway.
20%
sheets,
20%
fill
19%
sweat
19%
7-
18%
gangster
18%
never
18%
serving
18%
tub
18%
wife.
18%
11.
17%
call
17%
singing
16%
sipping,
16%
brain
15%
Graining
15%
graining
15%
only
15%
here,
14%
tired,
14%
tired.
14%
de
13%
fire,
13%
fire.
13%
reverend.
13%
lot,
12%
mic
12%
that's
12%
keeping
11%
Louis
11%
park
11%
washrags,
11%
wet
10%
Armand
7%
attire.
7%
Swerve,
7%
toys.
6%
Brignac,
5%
Didn't
5%
spill
5%
mean
4%
boy's
3%
No matching quizzes found
Score Distribution
Percent of People with Each Score
Percentile by Number Answered
Your Score History
You have not taken this quiz